| 000 | 00585nam a2200169Ia 4500 | ||
|---|---|---|---|
| 008 | 240729s9999 xx 000 0 und d | ||
| 022 | _a1805-5443 | ||
| 245 | 0 | _aInternational Journal of Advances in Telecommunications, Electrotechnics, Signals and Systems | |
| 260 | _aCzechia | ||
| 260 | _bInternational Science and Engineering Society, o.s. | ||
| 650 | _a Electrical engineering. Electronics. Nuclear engineering | ||
| 650 | _a Telecommunication | ||
| 650 | _aTechnology | ||
| 856 | _uhttps://doaj.org/toc/7c6caf1fae514f169c414b4409535b63 | ||
| 942 | _2ddc | ||
| 942 | _cDOAJEJ | ||
| 999 |
_c71140 _d71140 |
||
| 945 |
_a1 _bMadushi Gamage _c1 _dMadushi Gamage |
||